[Event "Collado Villalba op-A 32nd"]
[Site "Collado Villalba"]
[Date "2015.08.25"]
[Round "4"]
[White "Lopez Heras, Arturo"]
[Black "Garcia Saez, Juan Carlos"]
[Result "1-0"]
[WhiteElo "1861"]
[BlackElo "2010"]
[PlyCount "33"]
[EventDate "2015.08.22"]
[EventType "swiss"]
[EventRounds "9"]
[EventCountry "ESP"]
[SourceTitle "EXT 2016"]
[Source "ChessBase"]
[SourceDate "2015.10.08"]
[SourceVersion "1"]
[SourceVersionDate "2015.10.08"]
[SourceQuality "1"]

1. d4 c6 2. c4 d6 3. Nc3 g6 4. Nf3 Bg7 5. e4 Bg4 6. Be2 Qb6 7. Be3 Bxf3 8. Bxf3 Qxb2 9. Rc1 Qb6 10. 0-0 Nd7 11. e5 dxe5 12. d5 Qc7 13. dxc6 bxc6 14. Nb5 Qa5 15. Bxc6 Rd8 16. Qd5 Ngf6 17. Nd6+ 1-0

[Event "Collado Villalba op-A 32nd"]
[Site "Collado Villalba"]
[Date "2015.08.22"]
[Round "1"]
[White "Garcia Saez, Juan Carlos"]
[Black "Ojosnegros Martin, Angel"]
[Result "1-0"]
[WhiteElo "2010"]
[BlackElo "1484"]
[PlyCount "65"]
[EventDate "2015.08.22"]
[EventType "swiss"]
[EventRounds "9"]
[EventCountry "ESP"]
[SourceTitle "EXT 2016"]
[Source "ChessBase"]
[SourceDate "2015.10.08"]
[SourceVersion "1"]
[SourceVersionDate "2015.10.08"]
[SourceQuality "1"]

1. c3 Nf6 2. d3 d5 3. g3 e6 4. Bg2 Be7 5. Nf3 Nbd7 6. Nbd2 c5 7. 0-0 0-0 8. e4 Bd6 9. Re1 Qc7 10. Qe2 dxe4 11. dxe4 e5 12. Nc4 Re8 13. b3 h6 14. Bb2 Bf8 15. Rad1 Rb8 16. Ne3 Nb6 17. c4 Bd6 18. Qd3 Rd8 19. Nxe5 Be7 20. Nd5 Nfxd5 21. exd5 Bd6 22. Re3 f6 23. Ng6 Qf7 24. Rde1 Bd7 25. Ne7+ Kh8 26. Nf5 Bxf5 27. Qxf5 Re8 28. Be4 Qg8 29. Qg6 Be5 30. Bxe5 Rxe5 31. f4 Ree8 32. Bf5 Rxe3 33. Rxe3 1-0

[Event "Collado Villalba op 30th"]
[Site "Collado Villalba"]
[Date "2013.08.29"]
[Round "7"]
[White "De la Orden Alcocer, Alejandro"]
[Black "Garcia Saez, Juan Carlos"]
[Result "0-1"]
[WhiteElo "1932"]
[BlackElo "2016"]
[PlyCount "46"]
[EventDate "2013.08.23"]
[EventType "swiss"]
[EventRounds "9"]
[EventCountry "ESP"]
[SourceTitle "CBM 156 Extra"]
[Source "ChessBase"]
[SourceDate "2013.10.22"]
[SourceVersion "1"]
[SourceVersionDate "2013.10.22"]
[SourceQuality "1"]

1. Nf3 c6 2. b3 d6 3. d4 g6 4. Bb2 Bg7 5. Nbd2 Nd7 6. e4 Nh6 7. Bd3 e5 8. c3 0-0 9. h4 exd4 10. cxd4 c5 11. h5 cxd4 12. hxg6 fxg6 13. Bc4+ Kh8 14. Nxd4 Ne5 15. Qc2 Rxf2 16. Rxh6 Bxh6 17. N4f3 Rxg2 18. 0-0-0 Qe7 19. Qd3 Bg4 20. Rh1 Bg7 21. Qf1 Bxf3 22. Rxh7+ Kxh7 23. Qh1+ Bh6 0-1

[Event "Collado Villalba op 30th"]
[Site "Collado Villalba"]
[Date "2013.08.26"]
[Round "4"]
[White "Perez Gonzalez, Jose Manuel"]
[Black "Garcia Saez, Juan Carlos"]
[Result "1/2-1/2"]
[WhiteElo "2326"]
[BlackElo "2016"]
[PlyCount "102"]
[EventDate "2013.08.23"]
[EventType "swiss"]
[EventRounds "9"]
[EventCountry "ESP"]
[SourceTitle "CBM 156 Extra"]
[Source "ChessBase"]
[SourceDate "2013.10.22"]
[SourceVersion "1"]
[SourceVersionDate "2013.10.22"]
[SourceQuality "1"]

1. e4 c6 2. d4 d6 3. Nc3 g6 4. f4 Bg7 5. Be3 Qb6 6. Qd2 Nf6 7. Nf3 Ng4 8. Na4 Qc7 9. Bg1 b5 10. Nc3 Nd7 11. h3 Nh6 12. Be3 f6 13. Bd3 Nf7 14. Ne2 Nb6 15. d5 Nc4 16. Bxc4 bxc4 17. dxc6 Qxc6 18. Nc3 0-0 19. 0-0 e5 20. Rad1 f5 21. exf5 Bxf5 22. Nd5 Qb7 23. b3 c3 24. Nxc3 Rac8 25. fxe5 dxe5 26. Nd5 Rxc2 27. Qb4 Qa6 28. a4 Bd3 29. Rc1 Ra2 30. Rc6 Bxf1 31. Rxa6 Bxa6 32. Qh4 Bd3 33. Kh2 Nd6 34. Bc5 Rxf3 35. Bxd6 h5 36. Nb4 Bf6 37. Qe1 Re2 38. Qxe2 Bxe2 39. gxf3 Bxf3 40. Nd3 e4 41. Ne5 Bxe5+ 42. Bxe5 Bd1 43. Kg3 Bxb3 44. a5 Kf7 45. Kf4 Bc2 46. a6 Ke6 47. Bd4 Kd5 48. Bxa7 Bd3 49. Kg5 Bxa6 50. Kxg6 Be2 51. Kf5 Bf3 1/2-1/2

[Event "Collado Villalba op 30th"]
[Site "Collado Villalba"]
[Date "2013.08.24"]
[Round "2"]
[White "Garcia Saez, Juan Carlos"]
[Black "Lopez de Turiso, Jose Angel"]
[Result "0-1"]
[WhiteElo "2016"]
[BlackElo "2100"]
[PlyCount "82"]
[EventDate "2013.08.23"]
[EventType "swiss"]
[EventRounds "9"]
[EventCountry "ESP"]
[SourceTitle "CBM 156 Extra"]
[Source "ChessBase"]
[SourceDate "2013.10.22"]
[SourceVersion "1"]
[SourceVersionDate "2013.10.22"]
[SourceQuality "1"]

1. c3 f5 2. g3 Nf6 3. d3 e5 4. Bg2 d5 5. Nf3 e4 6. Nd4 c5 7. Nb3 Nc6 8. Bg5 Bd6 9. dxe4 dxe4 10. Na3 0-0 11. Nb5 Be7 12. Qxd8 Rxd8 13. Bxf6 gxf6 14. Nc7 Rb8 15. Rd1 b6 16. 0-0 Bd6 17. Nd5 Kf7 18. Rd2 Ne5 19. Ne3 Be6 20. Rfd1 Bc7 21. Bh3 Kg6 22. Nc1 h5 23. Ng2 Rh8 24. Nf4+ Kf7 25. Nxe6 Kxe6 26. Bg2 h4 27. b3 Rh6 28. c4 Rbh8 29. a3 hxg3 30. hxg3 Rg6 31. e3 Nf3+ 32. Kf1 Nxd2+ 33. Rxd2 Rd8 34. Rxd8 Bxd8 35. Ne2 Bc7 36. Nc3 Be5 37. Ne2 Rg7 38. Nf4+ Bxf4 39. exf4 Rd7 40. f3 exf3 41. Bxf3 Rd3 0-1

[Event "Madrid Chamartin op 1st"]
[Site "Madrid"]
[Date "2012.09.10"]
[Round "2"]
[White "Hernando Pertierra, Jose Carlos"]
[Black "Garcia Saez, Juan Carlos"]
[Result "1/2-1/2"]
[WhiteElo "2376"]
[BlackElo "2004"]
[PlyCount "144"]
[EventDate "2012.09.09"]
[EventType "swiss"]
[EventRounds "9"]
[EventCountry "ESP"]
[SourceTitle "CBM 150 Extra"]
[Source "ChessBase"]
[SourceDate "2012.10.19"]
[SourceVersion "1"]
[SourceVersionDate "2012.10.19"]
[SourceQuality "1"]

1. Nf3 Nf6 2. c4 b6 3. g3 Bb7 4. Bg2 e6 5. 0-0 Be7 6. Nc3 0-0 7. d4 d5 8. cxd5 exd5 9. b3 Nbd7 10. Bb2 Ne4 11. Rc1 Nxc3 12. Bxc3 Ba3 13. Rc2 Rc8 14. Nh4 Nf6 15. Bh3 Ra8 16. Bb2 Bxb2 17. Rxb2 Ne4 18. Rc2 Ng5 19. Bg2 Qd7 20. Qd3 f5 21. Rfc1 c6 22. f4 Ne4 23. Nf3 Rf6 24. Ne5 Qe8 25. e3 Rc8 26. b4 Nd6 27. a4 a6 28. Nxc6 Rxc6 29. Bxd5+ Nf7 30. Bxc6 Rxc6 31. Rxc6 Bxc6 32. d5 Bd7 33. d6 Qe6 34. Qd4 Nxd6 35. Qxb6 Kf7 36. a5 Nc4 37. Qxe6+ Bxe6 38. Kf2 Ke7 39. Ke2 Kd7 40. Kd3 Nd6 41. Kd4 h6 42. h3 h5 43. Rc2 Bb3 44. Rc5 Be6 45. Rc1 Bb3 46. Ke5 Nc4+ 47. Kxf5 Nxe3+ 48. Kg6 Be6 49. Kxh5 Bxh3 50. Kg6 Be6 51. Kxg7 Nd5 52. Rb1 Kc6 53. Kg6 Kb5 54. Re1 Bh3 55. f5 Kxb4 56. f6 Nxf6 57. Kxf6 Kxa5 58. Ke5 Kb4 59. g4 Bxg4 60. Re4+ Kb3 61. Rxg4 a5 62. Rg8 a4 63. Rb8+ Kc3 64. Ra8 Kb3 65. Kd4 a3 66. Kd3 Kb2 67. Rb8+ Kc1 68. Rc8+ Kb1 69. Kc3 a2 70. Rb8+ Kc1 71. Ra8 Kb1 72. Rb8+ Kc1 1/2-1/2

[Event "Collado Villalba op-A 29th"]
[Site "Collado Villalba"]
[Date "2012.08.28"]
[Round "5"]
[White "Garcia Saez, Juan Carlos"]
[Black "Martin Consuegra, Barrilero Javier"]
[Result "1-0"]
[WhiteElo "2004"]
[BlackElo "1895"]
[PlyCount "51"]
[EventDate "2012.08.24"]
[EventType "swiss"]
[EventRounds "9"]
[EventCountry "ESP"]
[SourceTitle "CBM 150 Extra"]
[Source "ChessBase"]
[SourceDate "2012.10.19"]
[SourceVersion "1"]
[SourceVersionDate "2012.10.19"]
[SourceQuality "1"]

1. e4 d6 2. d4 Nf6 3. Nc3 e5 4. dxe5 dxe5 5. Qxd8+ Kxd8 6. Bg5 Bb4 7. 0-0-0+ Ke8 8. Bxf6 gxf6 9. Nd5 Ba5 10. Nxf6+ Ke7 11. Nd5+ Ke8 12. Nf3 c6 13. Ne3 f6 14. Bc4 b5 15. Bb3 Ke7 16. Nh4 Bc7 17. Nhf5+ Bxf5 18. Nxf5+ Ke8 19. Be6 a5 20. Rd3 Ra7 21. Rhd1 h5 22. Rg3 Kf8 23. Rg6 Bb6 24. Rxf6+ Ke8 25. f3 Nd7 26. Ng7+ 1-0

[Event "Madrid Oliver Gonzalez Memorial 2nd"]
[Site "Madrid"]
[Date "2011.10.11"]
[Round "4"]
[White "Garcia Saez, Juan Carlos"]
[Black "Sierra Soria, Maria"]
[Result "1-0"]
[WhiteElo "2070"]
[BlackElo "1782"]
[PlyCount "53"]
[EventDate "2011.10.08"]
[EventType "swiss"]
[EventRounds "9"]
[EventCountry "ESP"]
[SourceTitle "CBM 144 Extra"]
[Source "ChessBase"]
[SourceDate "2011.10.28"]
[SourceVersion "1"]
[SourceVersionDate "2011.10.28"]
[SourceQuality "1"]

1. e4 c5 2. Nf3 d6 3. d4 cxd4 4. Nxd4 Nf6 5. Nc3 a6 6. Bc4 e6 7. a3 Nbd7 8. Be3 Nc5 9. f3 b5 10. Ba2 Qc7 11. Qd2 Rb8 12. 0-0 Be7 13. b4 Nb7 14. Rfd1 0-0 15. Rac1 Bd7 16. Nce2 e5 17. Nf5 Be6 18. c4 Qd8 19. cxb5 axb5 20. Nc3 Bxf5 21. exf5 Qd7 22. Qd3 Nd8 23. g4 Qb7 24. Nd5 Nxd5 25. Bxd5 Qa6 26. Rc7 Re8 27. Ra7 1-0

[Event "Collado Villalba op 28th"]
[Site "Collado Villalba"]
[Date "2011.08.28"]
[Round "6"]
[White "Garcia Saez, Juan Carlos"]
[Black "Martin Martin, Luis Vicente"]
[Result "0-1"]
[WhiteElo "2070"]
[BlackElo "2048"]
[PlyCount "82"]
[EventDate "2011.08.23"]
[EventType "swiss"]
[EventRounds "9"]
[EventCountry "ESP"]
[SourceTitle "CBM 144 Extra"]
[Source "ChessBase"]
[SourceDate "2011.10.28"]
[SourceVersion "1"]
[SourceVersionDate "2011.10.28"]
[SourceQuality "1"]

1. e4 d5 2. exd5 Qxd5 3. c4 Qd6 4. d4 Bf5 5. Nc3 Nc6 6. Be3 0-0-0 7. Nf3 Bg4 8. c5 Qf6 9. d5 Bxf3 10. Qxf3 Qxf3 11. gxf3 Ne5 12. f4 Nf3+ 13. Ke2 Nh4 14. Bh3+ Kb8 15. b4 Nf6 16. Rhd1 g6 17. a4 Bg7 18. Ra3 Nf5 19. b5 e6 20. Bxf5 gxf5 21. d6 cxd6 22. c6 d5 23. Bd4 Nh5 24. c7+ Kxc7 25. Bxa7 Nxf4+ 26. Kf3 Ng6 27. Kg2 Ne5 28. Bd4 Rhg8 29. Kf1 Nc4 30. b6+ Kc6 31. Rb3 e5 32. Nb5 exd4 33. Nxd4+ Bxd4 34. Rxd4 Nxb6 35. Rh4 Rde8 36. Rh6+ Rg6 37. Rxh7 Nc4 38. Rd3 Re7 39. h4 f4 40. Rh5 f3 41. Rdxd5 Re1+ 0-1

[Event "Collado Villalba op 28th"]
[Site "Collado Villalba"]
[Date "2011.08.25"]
[Round "3"]
[White "De la Fuente Gonzalez, Francisco"]
[Black "Garcia Saez, Juan Carlos"]
[Result "0-1"]
[WhiteElo "2190"]
[BlackElo "2070"]
[PlyCount "89"]
[EventDate "2011.08.23"]
[EventType "swiss"]
[EventRounds "9"]
[EventCountry "ESP"]
[SourceTitle "CBM 144 Extra"]
[Source "ChessBase"]
[SourceDate "2011.10.28"]
[SourceVersion "1"]
[SourceVersionDate "2011.10.28"]
[SourceQuality "1"]

1. c4 c5 2. Nf3 Nc6 3. Nc3 g6 4. g3 Bg7 5. Bg2 Nf6 6. d4 cxd4 7. Nxd4 0-0 8. 0-0 Nxd4 9. Qxd4 d6 10. Qd3 Ng4 11. Nd5 e6 12. Ne3 Ne5 13. Qb3 Qc7 14. Bd2 Bd7 15. Rac1 Bc6 16. f3 Nd7 17. Qa3 Bd4 18. b4 b6 19. Kh1 Bb7 20. Qd3 Bg7 21. Bc3 Ne5 22. Qd4 f6 23. Rfd1 Rad8 24. b5 Rd7 25. Bb4 Rfd8 26. f4 Bxg2+ 27. Nxg2 Ng4 28. Kg1 f5 29. Qd3 Nf6 30. Nh4 Ne4 31. Nf3 Qb7 32. Nd4 Nc5 33. Qe3 Bxd4 34. Rxd4 Kf7 35. Rcd1 Ne4 36. a4 a5 37. Ba3 Qc7 38. Qd3 Nc5 39. Qc2 e5 40. Rd5 exf4 41. gxf4 Ne4 42. Qd3 Re8 43. Rc1 Qd8 44. Qh3 Nf6 45. Rd4 0-1

[Event "Collado Villalba op 28th"]
[Site "Collado Villalba"]
[Date "2011.08.23"]
[Round "1"]
[White "Moreno Ruiz, Javier"]
[Black "Garcia Saez, Juan Carlos"]
[Result "1-0"]
[WhiteElo "2545"]
[BlackElo "2070"]
[PlyCount "81"]
[EventDate "2011.08.23"]
[EventType "swiss"]
[EventRounds "9"]
[EventCountry "ESP"]
[SourceTitle "CBM 144 Extra"]
[Source "ChessBase"]
[SourceDate "2011.10.28"]
[SourceVersion "1"]
[SourceVersionDate "2011.10.28"]
[SourceQuality "1"]

1. d4 Nf6 2. c4 g6 3. Nc3 Bg7 4. e4 0-0 5. f3 d6 6. Bg5 Nbd7 7. Qd2 e5 8. d5 a6 9. Bd3 Qe8 10. Nge2 Nc5 11. Bc2 b6 12. b4 Nb7 13. 0-0 Nh5 14. g4 f6 15. Be3 Nf4 16. Nxf4 exf4 17. Bxf4 Qe7 18. Rae1 Bd7 19. a3 Nd8 20. c5 Bb5 21. Rf2 bxc5 22. bxc5 Nf7 23. a4 Be8 24. c6 Ng5 25. Kg2 Nf7 26. Be3 Ne5 27. Bd4 Bf7 28. Qe2 g5 29. Bd3 Ng6 30. Kh1 Nf4 31. Qf1 Nxd3 32. Qxd3 h5 33. gxh5 Bxh5 34. f4 g4 35. Rg2 f5 36. Bxg7 Kxg7 37. e5 Qh4 38. Rg3 Rab8 39. Nd1 Rb4 40. exd6 cxd6 41. Qc3+ 1-0

[Event "Bogota Mila Memorial op"]
[Site "Bogota"]
[Date "2009.04.??"]
[Round "7"]
[White "Garcia Saez, Juan Carlos"]
[Black "Quintero, Raul"]
[Result "1/2-1/2"]
[WhiteElo "2097"]
[BlackElo "2092"]
[PlyCount "108"]
[EventDate "2009.04.??"]
[EventType "swiss"]
[EventRounds "9"]
[EventCountry "COL"]
[SourceTitle "EXT 2014"]
[Source "ChessBase"]
[SourceDate "2013.11.20"]
[SourceVersion "1"]
[SourceVersionDate "2013.11.20"]
[SourceQuality "1"]

1. Nf3 d6 2. g3 Nf6 3. d3 g6 4. Bg2 Bg7 5. 0-0 0-0 6. Nbd2 c6 7. e4 Nbd7 8. c3 e5 9. Re1 Qc7 10. a4 a5 11. Nc4 b6 12. Bh3 Ba6 13. b4 Bxc4 14. dxc4 h6 15. Bd2 Kh7 16. Qc1 Ra7 17. Nh4 Rfa8 18. Qc2 Bf8 19. f4 axb4 20. cxb4 Be7 21. Qb3 Rf8 22. Bg2 exf4 23. gxf4 Nh5 24. Qh3 Rfa8 25. Nxg6 fxg6 26. f5 Ndf6 27. fxg6+ Kxg6 28. Qf5+ Kf7 29. Rf1 Ng7 30. Qh7 Qc8 31. Qxh6 Qh8 32. Qf4 Ne6 33. Qf2 Rxa4 34. Rxa4 Rxa4 35. Bc3 c5 36. e5 dxe5 37. Bxe5 Qg7 38. Kh1 Qg5 39. Ba1 Rxa1 40. Rxa1 Nf4 41. bxc5 Bxc5 42. Ra7+ Kg6 43. Qc2+ Kh6 44. Ra8 Kg7 45. Ra7+ Kf8 46. Qd2 Be7 47. Bd5 Qe5 48. Ra8+ Kg7 49. Ra7 Kh6 50. Rxe7 Qxe7 51. Qxf4+ Kg6 52. Qg3+ Kh6 53. Qf4+ Kg6 54. Qg3+ Kh6 1/2-1/2

[Event "Bogota Mila Memorial op"]
[Site "Bogota"]
[Date "2009.04.??"]
[Round "1"]
[White "Nunez V, Gustavo Eduardo"]
[Black "Garcia Saez, Juan Carlos"]
[Result "0-1"]
[WhiteElo "2204"]
[BlackElo "2097"]
[PlyCount "100"]
[EventDate "2009.04.??"]
[EventType "swiss"]
[EventRounds "9"]
[EventCountry "COL"]
[SourceTitle "EXT 2014"]
[Source "ChessBase"]
[SourceDate "2013.11.20"]
[SourceVersion "1"]
[SourceVersionDate "2013.11.20"]
[SourceQuality "1"]

1. e4 e5 2. Nf3 Nc6 3. Bb5 Bc5 4. 0-0 Nd4 5. Nxd4 Bxd4 6. c3 Bb6 7. d3 c6 8. Ba4 d6 9. Be3 Nf6 10. Nd2 0-0 11. Qe2 Bc7 12. h3 d5 13. Bg5 h6 14. Bh4 Qd6 15. Bg3 dxe4 16. dxe4 Qc5 17. Rac1 Be6 18. b4 Qe7 19. a3 a5 20. Bc2 Rfd8 21. Rfd1 b5 22. Nf1 Bc4 23. Qf3 Bxf1 24. Rxf1 c5 25. Rb1 axb4 26. axb4 c4 27. Ra1 Qe6 28. Rxa8 Rxa8 29. Rc1 Ra3 30. Bd1 Bb6 31. Qe2 g6 32. Qb2 Ra8 33. Qc2 Rd8 34. Be2 Kg7 35. Kh1 h5 36. Bh4 Rd6 37. Rd1 Nh7 38. Rxd6 Qxd6 39. Qd1 Qxd1+ 40. Bxd1 Nf8 41. Bg3 Kf6 42. f3 Be3 43. Be1 Ne6 44. g3 h4 45. f4 hxg3 46. fxe5+ Kxe5 47. Bf3 Ng5 48. Bxg3+ Bf4 49. Bxf4+ Kxf4 50. Bg4 Nxe4 0-1

[Event "Galapagar op 07th"]
[Site "Galapagar"]
[Date "2006.07.26"]
[Round "5"]
[White "Cuadrado Lopez, Francisco Javier"]
[Black "Garcia Saez, Juan Carlos"]
[Result "1-0"]
[WhiteElo "1950"]
[BlackElo "2090"]
[PlyCount "103"]
[EventDate "2006.07.22"]
[EventType "swiss"]
[EventRounds "7"]
[EventCountry "ESP"]
[SourceTitle "EXT 2007"]
[Source "ChessBase"]
[SourceDate "2006.11.23"]
[SourceVersion "1"]
[SourceVersionDate "2006.11.23"]
[SourceQuality "1"]

1. e4 e5 2. Nf3 Nc6 3. d4 exd4 4. Nxd4 Qf6 5. Nxc6 Bc5 6. Qd2 dxc6 7. Qf4 Be6 8. Bd3 0-0-0 9. 0-0 Qxf4 10. Bxf4 Bd4 11. Bc1 Nf6 12. Nd2 Rhe8 13. Nf3 Bb6 14. Bg5 h6 15. Bxf6 gxf6 16. Rfe1 Rg8 17. a3 Bg4 18. Nh4 Bd4 19. Rab1 Rg5 20. Be2 Bxe2 21. Rxe2 Rdg8 22. c3 Bb6 23. g3 Re8 24. Rbe1 a6 25. Kg2 c5 26. Nf5 c4 27. f4 Rg4 28. e5 fxe5 29. Rxe5 Rxe5 30. Rxe5 Kd8 31. Nxh6 Rg7 32. Rh5 c6 33. Re5 Bc7 34. Re4 b5 35. Nf5 Rh7 36. g4 f6 37. h4 Rd7 38. Nd4 Rd6 39. Ne6+ Kc8 40. Nxc7 Rd2+ 41. Kf3 Kxc7 42. Re2 Rd3+ 43. Ke4 a5 44. Kf5 c5 45. g5 fxg5 46. hxg5 b4 47. cxb4 cxb4 48. axb4 axb4 49. g6 c3 50. bxc3 bxc3 51. g7 Rg3 52. Kf6 1-0

[Event "Galapagar op 05th"]
[Site "Galapagar"]
[Date "2004.07.30"]
[Round "7"]
[White "Pascual Palomo, Lucia"]
[Black "Garcia Saez, Juan Carlos"]
[Result "1-0"]
[WhiteElo "1922"]
[BlackElo "2182"]
[PlyCount "119"]
[EventDate "2004.07.24"]
[EventType "swiss"]
[EventRounds "9"]
[EventCountry "ESP"]
[SourceTitle "CBM 101 Extra"]
[Source "ChessBase"]
[SourceDate "2004.09.01"]
[SourceVersion "2"]
[SourceVersionDate "2004.09.01"]
[SourceQuality "1"]

1. e4 e5 2. Nf3 Nc6 3. d4 exd4 4. Nxd4 Nxd4 5. Qxd4 c5 6. Qd1 Qh4 7. Nc3 Be7 8. g3 Qf6 9. Bf4 Qe6 10. Bg2 a6 11. Nd5 Bd8 12. Bc7 Ne7 13. 0-0 b5 14. Qd2 Nc6 15. Bxd8 Kxd8 16. Qg5+ Ne7 17. Qxg7 Rg8 18. Qxh7 Qg6 19. Qh4 Re8 20. Rad1 a5 21. e5 Ra6 22. Nf6 Nf5 23. Qf4 Rh8 24. Be4 Qh6 25. Qxh6 Nxh6 26. Rd5 Rxf6 27. exf6 Bb7 28. Re5 Ng4 29. Rg5 Bxe4 30. Rxg4 Bxc2 31. Rc1 Bf5 32. Rg5 Be4 33. Rcxc5 Bc6 34. Rce5 Rh6 35. Rgf5 d6 36. Re1 Bd7 37. Rf4 Rh5 38. Rd4 d5 39. g4 Rg5 40. f3 Be6 41. Rf4 Kd7 42. h4 Rg8 43. g5 Kd6 44. Re2 Rg6 45. Kf2 Rg8 46. Kg3 Rg6 47. Rd4 Rg8 48. Kf4 Rh8 49. Rh2 Rh5 50. Rdd2 Bd7 51. Rdg2 Bc8 52. Re2 Be6 53. Rxe6+ Kxe6 54. Re2+ Kd6 55. Kg4 Rh8 56. h5 d4 57. g6 Kd5 58. g7 Rd8 59. h6 d3 60. Rd2 1-0

[Event "Balaguer op"]
[Site "Balaguer"]
[Date "2003.07.23"]
[Round "9"]
[White "Garcia Saez, Juan Carlos"]
[Black "Bruned, Boris"]
[Result "0-1"]
[WhiteElo "2169"]
[BlackElo "2075"]
[PlyCount "78"]
[EventDate "2003.07.14"]
[EventType "swiss"]
[EventRounds "9"]
[EventCountry "ESP"]
[SourceTitle "CBM 095 Extra"]
[Source "ChessBase"]
[SourceDate "2003.09.04"]
[SourceVersion "1"]
[SourceVersionDate "2003.09.04"]
[SourceQuality "1"]

1. e4 c5 2. d4 cxd4 3. c3 dxc3 4. Nxc3 a6 5. Bc4 e6 6. a3 b5 7. Ba2 Bb7 8. Qe2 d6 9. Nf3 Nd7 10. 0-0 Ngf6 11. Rd1 Be7 12. Bf4 Qb8 13. h3 0-0 14. Rac1 h6 15. Bb1 Nb6 16. e5 Bxf3 17. gxf3 dxe5 18. Bxe5 Qe8 19. Qc2 g6 20. Qd2 Nc4 21. Qe2 Nxe5 22. Qxe5 Qb8 23. Qe3 Kh7 24. Ne4 Nd5 25. Qb3 Nf4 26. Rc2 Nxh3+ 27. Kg2 Nf4+ 28. Kh1 Rd8 29. Rg1 Rd3 30. Rc3 Rxc3 31. bxc3 Qe5 32. Ng3 Qf6 33. Rg2 Nxg2 34. Kxg2 Qe5 35. c4 Rb8 36. Bd3 bxc4 37. Qxc4 a5 38. Be4 Qc5 39. Qa6 Rb2 0-1